[Event "NB I. Maroczy csoport"]
[Site "Budapest"]
[Date "2023.10.08"]
[Round "1.10"]
[White "Csernyik, Mark"]
[Black "Brandics, Jozsef"]
[Result "1/2-1/2"]
[WhiteElo "2031"]
[BlackElo "2165"]
[PlyCount "105"]
[EventDate "2023.10.08"]
[EventType "team-tourn"]
[EventRounds "11"]
[EventCountry "HUN"]
[Source "chess.hu"]
[WhiteTeam "Aquarena Kobanya  II"]
[BlackTeam "Neumann J. Egyetem"]
[WhiteTeamCountry "HUN"]
[BlackTeamCountry "HUN"]

1. e4 Nc6 2. Nf3 Nf6 3. e5 Ng4 4. d4 d6 5. h3 Nh6 6. Bxh6 gxh6 7. Bb5 a6 8.
Bxc6+ bxc6 9. O-O Bg7 10. Qe2 O-O 11. Nbd2 Bf5 12. Ne4 dxe5 13. dxe5 Qd5 14.
Ng3 Bg6 15. h4 h5 16. Rad1 Qxa2 17. Nd4 c5 18. Ndf5 Qe6 19. Nxg7 Kxg7 20. Nxh5+
Bxh5 21. Qxh5 Rad8 22. f4 h6 23. Rde1 Qg6 24. Qe2 Rd4 25. c3 Rd3 26. f5 Qg3 27.
Qe4 Kh8 28. f6 e6 29. Qf4 Qg6 30. Rf3 Rg8 31. Re2 Rd1+ 32. Kh2 Qh5 33. Rg3 Rdd8
34. Ree3 Rxg3 35. Rxg3 Rg8 36. Kh3 Rg6 37. Rxg6 Qxg6 38. Qg4 Qh7 39. h5 c4 40.
Qxc4 Qb1 41. Qe2 Qh1+ 42. Kg3 Qc1 43. Kh2 Qg5 44. Kh3 Qc1 45. Qg4 Qh1+ 46. Kg3
Qe1+ 47. Kf3 Qd1+ 48. Kg3 Qe1+ 49. Kf4 Qd2+ 50. Ke4 Qd5+ 51. Kf4 Qd2+ 52. Kg3
Qe1+ 53. Kf4 1/2-1/2

[Event "NB I. Maroczy csoport"]
[Site "Budapest"]
[Date "2023.10.08"]
[Round "1.11"]
[White "Csala, Imre"]
[Black "Karacsonyi, Bank"]
[Result "1-0"]
[WhiteElo "1953"]
[BlackElo "1914"]
[PlyCount "49"]
[EventDate "2023.10.08"]
[EventType "team-tourn"]
[EventRounds "11"]
[EventCountry "HUN"]
[Source "chess.hu"]
[WhiteTeam "Neumann J. Egyetem"]
[BlackTeam "Aquarena Kobanya  II"]
[WhiteTeamCountry "HUN"]
[BlackTeamCountry "HUN"]

1. d4 Nf6 2. c4 e6 3. Nc3 Bb4 4. e3 b6 5. Bd3 Bb7 6. Nf3 O-O 7. O-O Bxc3 8.
bxc3 d6 9. Qc2 Qe7 10. a4 Nc6 11. e4 e5 12. Nh4 exd4 13. Nf5 Qe8 14. cxd4 Nb4
15. Qd2 Nxd3 16. Qg5 Nh5 17. Qxh5 Bxe4 18. Nxg7 Kxg7 19. Bh6+ Kf6 20. Qh4+ Kf5
21. Bxf8 Qxf8 22. Qxh7+ Kf6 23. Qxe4 Nb4 24. Ra3 Qe8 25. Qh4+ 1-0

[Event "NB I. Maroczy csoport"]
[Site "Budapest"]
[Date "2023.10.08"]
[Round "1.12"]
[White "Castillo Sanjuan, Daniel"]
[Black "Balazs-Szalai, Renata"]
[Result "1-0"]
[WhiteElo "1984"]
[BlackElo "1863"]
[PlyCount "77"]
[EventDate "2023.10.08"]
[EventType "team-tourn"]
[EventRounds "11"]
[EventCountry "HUN"]
[Source "chess.hu"]
[WhiteTeam "Aquarena Kobanya  II"]
[BlackTeam "Neumann J. Egyetem"]
[WhiteTeamCountry "HUN"]
[BlackTeamCountry "HUN"]

1. e4 d5 2. exd5 Qxd5 3. Nc3 Qa5 4. d4 Nf6 5. Nf3 c6 6. Bc4 Bf5 7. O-O e6 8.
Ne2 Bd6 9. Bf4 Qc7 10. Bxd6 Qxd6 11. Ng3 Bg4 12. c3 Nbd7 13. h3 Bxf3 14. Qxf3
O-O 15. Rfe1 b5 16. Bb3 Nb6 17. Bc2 Nbd5 18. Ne4 Nxe4 19. Rxe4 Qe7 20. Rae1 Qf6
21. Qg3 g6 22. h4 Qg7 23. Re5 Ne7 24. h5 Nf5 25. Qf3 Rac8 26. Be4 b4 27. Bxc6
bxc3 28. bxc3 Rc7 29. Be4 Rfc8 30. Bxf5 Rxc3 31. Bd3 Qh6 32. Qe3 Qf8 33. Qe4
Qa3 34. Re3 Rc1+ 35. Kh2 Qd6 36. g3 Ra1 37. h6 Rxa2 38. Qf4 Qe7 39. d5 1-0

[Event "NB I. Maroczy csoport"]
[Site "Budapest"]
[Date "2023.10.08"]
[Round "1.1"]
[White "Issa, Rafat"]
[Black "Kun, Gabor"]
[Result "1-0"]
[WhiteElo "2316"]
[BlackElo "2244"]
[PlyCount "115"]
[EventDate "2023.10.08"]
[EventType "team-tourn"]
[EventRounds "11"]
[EventCountry "HUN"]
[Source "chess.hu"]
[WhiteTeam "Dr.  Hetenyi Geza SK"]
[BlackTeam "Magyar Sakkvilag-SMS"]
[WhiteTeamCountry "HUN"]
[BlackTeamCountry "HUN"]

1. Nf3 Nf6 2. c4 e6 3. d4 b6 4. g3 Ba6 5. Nbd2 Be7 6. Bg2 O-O 7. Qc2 d5 8. O-O
c5 9. dxc5 bxc5 10. e4 Nc6 11. Qa4 Bb7 12. cxd5 exd5 13. exd5 Nxd5 14. Rd1 Nb6
15. Qb3 Nd4 16. Nxd4 Bxg2 17. Kxg2 Qxd4 18. Nf3 Qa4 19. Be3 Rfd8 20. Qxa4 Nxa4
21. b3 Nc3 22. Rdc1 Ne4 23. Rc4 f5 24. Rac1 Rd5 25. Ra4 Bf6 26. Rc2 a6 27. Nd2
Bd4 28. Nxe4 fxe4 29. Re2 Bxe3 30. Rxe3 Rd2 31. Rexe4 Rf8 32. Rf4 Rxf4 33. gxf4
Rd6 34. Ra5 Rc6 35. Kf3 Kf7 36. Ke3 Ke7 37. h4 Kd7 38. Ke4 c4 39. bxc4 Rxc4+
40. Kf3 Rc6 41. Rg5 g6 42. f5 Ke7 43. fxg6 hxg6 44. Ra5 Re6 45. Kg4 Kf6 46. f4
Rc6 47. h5 gxh5+ 48. Rxh5 Kg6 49. Ra5 Kf6 50. Rd5 Rb6 51. a4 Rc6 52. Rd8 Ke7
53. Ra8 Kf6 54. a5 Kf7 55. Ra7+ Ke8 56. f5 Rc5 57. Rxa6 Kf7 58. Kg5 1-0

[Event "NB I. Maroczy csoport"]
[Site "Budapest"]
[Date "2023.10.08"]
[Round "1.2"]
[White "Nemeth, Zoltan"]
[Black "Varga, Csaba Zoltan"]
[Result "1/2-1/2"]
[WhiteElo "2196"]
[BlackElo "2235"]
[PlyCount "114"]
[EventDate "2023.10.08"]
[EventType "team-tourn"]
[EventRounds "11"]
[EventCountry "HUN"]
[Source "chess.hu"]
[WhiteTeam "Magyar Sakkvilag-SMS"]
[BlackTeam "Dr.  Hetenyi Geza SK"]
[WhiteTeamCountry "HUN"]
[BlackTeamCountry "HUN"]

1. d4 Nc6 2. Bf4 d6 3. Nf3 Nf6 4. Nc3 h6 5. e4 Bg4 6. Be2 Bxf3 7. gxf3 e5 8.
dxe5 dxe5 9. Be3 Bb4 10. Bb5 O-O 11. Bxc6 bxc6 12. Qxd8 Rfxd8 13. Ke2 Nd7 14.
Na4 Nb6 15. Nxb6 cxb6 16. Rad1 Be7 17. f4 exf4 18. Bxf4 Bf6 19. b3 Bc3 20. Rhg1
Kh7 21. Bc7 Re8 22. Rd7 Rxe4+ 23. Kd3 Re1 24. Rxe1 Bxe1 25. Rxf7 Kg6 26. Re7
Bxf2 27. Be5 Bh4 28. Rxg7+ Kf5 29. Bc7 Re8 30. a4 Bg5 31. Rf7+ Ke6 32. Rh7 Kd5
33. Rd7+ Kc5 34. Bd6+ Kd5 35. Bb4+ Ke5 36. Rxa7 c5 37. Be1 Kd5 38. c4+ Ke6 39.
Ra6 Kf5 40. Bg3 Re3+ 41. Kc2 h5 42. a5 h4 43. Bb8 Re2+ 44. Kb1 bxa5 45. Rxa5
Be3 46. Bd6 Ke4 47. Bxc5 Bd2 48. Ra7 Rxh2 49. Bd6 Rg2 50. Rh7 Bg5 51. Be7 Bxe7
52. Rxe7+ Kd4 53. Rh7 Kc3 54. Rxh4 Kxb3 55. Kc1 Rc2+ 56. Kd1 Rxc4 57. Rxc4 Kxc4
1/2-1/2

[Event "NB I. Maroczy csoport"]
[Site "Budapest"]
[Date "2023.10.08"]
[Round "1.3"]
[White "Kormos, Adam"]
[Black "Feher, Gyula"]
[Result "1-0"]
[WhiteElo "2208"]
[BlackElo "2325"]
[PlyCount "41"]
[EventDate "2023.10.08"]
[EventType "team-tourn"]
[EventRounds "11"]
[EventCountry "HUN"]
[Source "chess.hu"]
[WhiteTeam "Dr.  Hetenyi Geza SK"]
[BlackTeam "Magyar Sakkvilag-SMS"]
[WhiteTeamCountry "HUN"]
[BlackTeamCountry "HUN"]

1. e4 c5 2. Nf3 d6 3. Nc3 a6 4. d4 cxd4 5. Nxd4 Nf6 6. a4 e5 7. Nf3 h6 8. Bc4
Be7 9. h3 Qc7 10. Qe2 Nc6 11. O-O Nb4 12. Bb3 O-O 13. Rd1 Be6 14. Nh4 Rac8 15.
Qf3 Nh7 16. Nf5 Bg5 17. Bxg5 Nxg5 18. Qg4 Rcd8 19. h4 Bxb3 20. cxb3 Ne6 21. Nd5
1-0

[Event "NB I. Maroczy csoport"]
[Site "Budapest"]
[Date "2023.10.08"]
[Round "1.4"]
[White "Farago, Sandor"]
[Black "Dory, Jeno"]
[Result "0-1"]
[WhiteElo "2077"]
[BlackElo "2169"]
[PlyCount "80"]
[EventDate "2023.10.08"]
[EventType "team-tourn"]
[EventRounds "11"]
[EventCountry "HUN"]
[Source "chess.hu"]
[WhiteTeam "Magyar Sakkvilag-SMS"]
[BlackTeam "Dr.  Hetenyi Geza SK"]
[WhiteTeamCountry "HUN"]
[BlackTeamCountry "HUN"]

1. e4 c5 2. Nf3 Nc6 3. Bc4 g6 4. c3 Nf6 5. e5 d5 6. Bb5 Nd7 7. d4 Qa5 8. Bxc6
bxc6 9. e6 fxe6 10. O-O Bg7 11. Re1 Nf6 12. Ng5 O-O 13. Nxe6 Bxe6 14. Rxe6 cxd4
15. Rxc6 Ne4 16. Nd2 Qb5 17. Re6 Nxf2 18. Qe2 Qxe2 19. Rxe2 dxc3 20. bxc3 Bxc3
21. Rb1 Nd3 22. Nf3 Nxc1 23. Rxc1 Bf6 24. Rd1 Rfd8 25. g4 h6 26. h4 g5 27. hxg5
hxg5 28. Nd4 Rac8 29. Kg2 Kf7 30. Rf1 Rd7 31. Ne6 Kg6 32. Kf3 Rc3+ 33. Kg2 Rb7
34. Rd1 Rb4 35. Rxd5 Rxg4+ 36. Kf2 Rh4 37. Kg2 Rch3 38. Ra5 Rh2+ 39. Kf1 Rxe2
40. Kxe2 Re4+ 0-1

[Event "NB I. Maroczy csoport"]
[Site "Budapest"]
[Date "2023.10.08"]
[Round "1.5"]
[White "Seres, Bela"]
[Black "Meszaros, Andras"]
[Result "0-1"]
[WhiteElo "2137"]
[BlackElo "2094"]
[PlyCount "91"]
[EventDate "2023.10.08"]
[EventType "team-tourn"]
[EventRounds "11"]
[EventCountry "HUN"]
[Source "chess.hu"]
[WhiteTeam "Dr.  Hetenyi Geza SK"]
[BlackTeam "Magyar Sakkvilag-SMS"]
[WhiteTeamCountry "HUN"]
[BlackTeamCountry "HUN"]

1. e4 c5 2. Nf3 d6 3. Bb5+ Nd7 4. a4 a6 5. Bxd7+ Bxd7 6. a5 e5 7. d3 Be7 8.
Nbd2 b5 9. axb6 Qxb6 10. Nc4 Qc7 11. O-O h6 12. Bd2 Nf6 13. Ba5 Qc6 14. Nb6 Rb8
15. Nxd7 Nxd7 16. b3 O-O 17. Ra4 f5 18. exf5 Rxf5 19. Nh4 Bxh4 20. Rxh4 Rbf8
21. Bd2 d5 22. Qg4 Kh7 23. Rh3 Qf6 24. f3 e4 25. dxe4 Qd4+ 26. Kh1 dxe4 27. Rg3
g5 28. Bc1 Ne5 29. Qh5 e3 30. Re1 g4 31. Qh4 gxf3 32. Qxd4 cxd4 33. Bxe3 dxe3
34. gxf3 Rxf3 35. Rxe3 Rf1+ 36. Kg2 R1f2+ 37. Kg1 Rf1+ 38. Kg2 R8f2+ 39. Kh3
Nf7 40. Rg2 Ng5+ 41. Kg3 Rf3+ 42. Rxf3 Rxf3+ 43. Kh4 Kg6 44. Rd2 Rh3+ 45. Kg4
h5+ 46. Kf4 0-1

[Event "NB I. Maroczy csoport"]
[Site "Budapest"]
[Date "2023.10.08"]
[Round "1.6"]
[White "Muranyi, Peter"]
[Black "Baranyai, Szabolcs Jr"]
[Result "1/2-1/2"]
[WhiteElo "2016"]
[BlackElo "2173"]
[PlyCount "48"]
[EventDate "2023.10.08"]
[EventType "team-tourn"]
[EventRounds "11"]
[EventCountry "HUN"]
[Source "chess.hu"]
[WhiteTeam "Magyar Sakkvilag-SMS"]
[BlackTeam "Dr.  Hetenyi Geza SK"]
[WhiteTeamCountry "HUN"]
[BlackTeamCountry "HUN"]

1. d4 d5 2. c4 c6 3. cxd5 cxd5 4. Bf4 Nc6 5. Nc3 Nf6 6. e3 a6 7. Bd3 e6 8. Rc1
Be7 9. Nf3 Bd7 10. O-O O-O 11. Ne5 Rc8 12. Qe2 Qa5 13. g4 Nxe5 14. Bxe5 Ne8 15.
Kh1 Nd6 16. f4 f6 17. Bxd6 Bxd6 18. Qc2 f5 19. a3 g6 20. g5 b5 21. Qb3 Kg7 22.
Rc2 Rc7 23. Rfc1 Rfc8 24. Kg2 Qb6 1/2-1/2

[Event "NB I. Maroczy csoport"]
[Site "Budapest"]
[Date "2023.10.08"]
[Round "1.7"]
[White "Pervai, Laszlo"]
[Black "Bernei, Andras"]
[Result "0-1"]
[WhiteElo "2047"]
[BlackElo "2057"]
[PlyCount "102"]
[EventDate "2023.10.08"]
[EventType "team-tourn"]
[EventRounds "11"]
[EventCountry "HUN"]
[Source "chess.hu"]
[WhiteTeam "Dr.  Hetenyi Geza SK"]
[BlackTeam "Magyar Sakkvilag-SMS"]
[WhiteTeamCountry "HUN"]
[BlackTeamCountry "HUN"]

1. e4 e5 2. Nc3 Nf6 3. f4 d5 4. fxe5 Nxe4 5. Nf3 Nc6 6. Qe2 Bf5 7. Qb5 Nc5 8.
d4 a6 9. Qe2 Ne6 10. Be3 Nb4 11. Rc1 c5 12. a3 Nc6 13. Qf2 Be4 14. Bd3 Bxf3 15.
Qxf3 cxd4 16. O-O Nxe5 17. Qh5 Bd6 18. Bxd4 g6 19. Qh6 Nxd4 20. Rce1 Ne6 21.
Kh1 Qa5 22. b4 Qxa3 23. Nxd5 O-O-O 24. Ra1 Qb2 25. b5 Nxd3 26. bxa6 Nf2+ 27.
Kg1 Qd4 28. axb7+ Kb8 29. Qe3 Qxe3 30. Nxe3 Kxb7 31. Kxf2 Bc5 32. Rfb1+ Kc7 33.
Kf3 Nd4+ 34. Kf4 Ne6+ 35. Kf3 Ra8 36. Nd5+ Kd6 37. Nf6 Rxa1 38. Rxa1 Rb8 39.
Nxh7 Nd4+ 40. Ke4 Nxc2 41. Rd1+ Kc6 42. Ng5 Re8+ 43. Kd3 Nb4+ 44. Kc4 f6 45.
Nh7 Re4+ 46. Kb3 Re3+ 47. Kc4 Na2 48. Rd3 Re4+ 49. Kb3 Nc1+ 50. Kc2 Nxd3 51.
Kxd3 Re6 0-1

[Event "NB I. Maroczy csoport"]
[Site "Budapest"]
[Date "2023.10.08"]
[Round "1.8"]
[White "Sugar, Karoly"]
[Black "Kormos, Andras"]
[Result "0-1"]
[WhiteElo "2035"]
[BlackElo "2071"]
[PlyCount "62"]
[EventDate "2023.10.08"]
[EventType "team-tourn"]
[EventRounds "11"]
[EventCountry "HUN"]
[Source "chess.hu"]
[WhiteTeam "Magyar Sakkvilag-SMS"]
[BlackTeam "Dr.  Hetenyi Geza SK"]
[WhiteTeamCountry "HUN"]
[BlackTeamCountry "HUN"]

1. d4 g6 2. g3 Bg7 3. Bg2 c5 4. c3 Qb6 5. dxc5 Qxc5 6. Nf3 Nf6 7. O-O O-O 8.
Qd4 Qc7 9. Qh4 Re8 10. Nbd2 d5 11. Qa4 Bd7 12. Qb3 e5 13. e4 Nc6 14. exd5 Na5
15. Qd1 Nxd5 16. Nb3 Nxb3 17. axb3 Bc6 18. Nd2 b6 19. Qe2 a5 20. Re1 Rad8 21.
Nf1 b5 22. Ne3 Nf4 23. gxf4 exf4 24. Bxc6 Qxc6 25. Qf1 fxe3 26. Bxe3 b4 27. c4
Re4 28. Qg2 Qe6 29. Qf3 Bxb2 30. Rxa5 Bc3 31. Rd1 Qg4+ 0-1

[Event "NB I. Maroczy csoport"]
[Site "Budapest"]
[Date "2023.10.08"]
[Round "1.9"]
[White "Novaky, Csaba"]
[Black "Torok, Tamas Titusz"]
[Result "0-1"]
[WhiteElo "2091"]
[BlackElo "1968"]
[PlyCount "168"]
[EventDate "2023.10.08"]
[EventType "team-tourn"]
[EventRounds "11"]
[EventCountry "HUN"]
[Source "chess.hu"]
[WhiteTeam "Dr.  Hetenyi Geza SK"]
[BlackTeam "Magyar Sakkvilag-SMS"]
[WhiteTeamCountry "HUN"]
[BlackTeamCountry "HUN"]

1. e4 e5 2. Nf3 Nc6 3. Bc4 Nf6 4. Ng5 d5 5. exd5 Na5 6. Bb5+ c6 7. dxc6 bxc6 8.
Be2 h6 9. Nf3 e4 10. Ne5 Qd4 11. f4 Bc5 12. Rf1 Bd6 13. c3 Qb6 14. b4 Nb7 15.
Na3 O-O 16. Nac4 Qc7 17. Qa4 Bd7 18. Ba3 Rfe8 19. Qa6 Nd5 20. g3 Rac8 21. Nxf7
Bf8 22. Nfe5 Bh3 23. Rg1 Be6 24. Bh5 Red8 25. O-O-O Nb6 26. Rge1 Bd5 27. Bg4
Ra8 28. Kb1 c5 29. Ne3 Bf7 30. Nf5 Nd6 31. Nxd6 Bxd6 32. Nxf7 Qxf7 33. Rxe4 Qc7
34. Rde1 Kh8 35. Qb5 Bf8 36. Qe2 cxb4 37. Bxb4 Nd5 38. Bxf8 Rxf8 39. Ka1 Rab8
40. Rb1 Rxb1+ 41. Kxb1 Rb8+ 42. Ka1 Nf6 43. Rc4 Qd8 44. Bf3 a5 45. Rc6 Qd7 46.
d4 Qf5 47. Qd1 Qb5 48. Qc1 Qd3 49. Bd1 Nd5 50. Bb3 Ne3 51. Rc5 Nf1 52. Qc2 Qe3
53. Re5 Qf3 54. Bd5 Ne3 55. Re8+ Rxe8 56. Bxf3 Nxc2+ 57. Kb2 Ne3 58. Kb3 Rb8+
59. Ka4 Rb2 60. Kxa5 Rxa2+ 61. Kb5 Rb2+ 62. Kc5 Rc2 63. Kb4 Kg8 64. Be4 Rc1 65.
Kb3 Kf8 66. Kb2 Re1 67. Bd3 Rh1 68. c4 Rxh2+ 69. Kc3 Rg2 70. d5 Nxd5+ 71. cxd5
Rxg3 72. Kd4 Ke7 73. Bf5 g6 74. Be6 Kd6 75. Ke4 h5 76. f5 Rg4+ 77. Kf3 g5 78.
Bf7 Rf4+ 79. Kg3 h4+ 80. Kh3 Ke5 81. Be6 Rf3+ 82. Kg4 Rg3+ 83. Kh5 h3 84. Kg6
h2 0-1

[Event "NB I. Maroczy csoport"]
[Site "Budapest"]
[Date "2023.10.08"]
[Round "1.10"]
[White "Borda, Lajos"]
[Black "Toth, Gabor"]
[Result "1/2-1/2"]
[WhiteElo "1979"]
[BlackElo "2154"]
[PlyCount "39"]
[EventDate "2023.10.08"]
[EventType "team-tourn"]
[EventRounds "11"]
[EventCountry "HUN"]
[Source "chess.hu"]
[WhiteTeam "Magyar Sakkvilag-SMS"]
[BlackTeam "Dr.  Hetenyi Geza SK"]
[WhiteTeamCountry "HUN"]
[BlackTeamCountry "HUN"]

1. e4 g6 2. d4 Bg7 3. c4 d6 4. Nc3 Nc6 5. Be3 e5 6. dxe5 dxe5 7. Qxd8+ Nxd8 8.
Nf3 Ne6 9. c5 f6 10. Bc4 Bf8 11. O-O c6 12. b4 Nh6 13. Ne2 Nf7 14. Bb3 Nc7 15.
Nd2 Be6 16. Nc4 O-O-O 17. Rfd1 Be7 18. a4 Rxd1+ 19. Rxd1 Rd8 20. Rxd8+ 1/2-1/2

[Event "NB I. Maroczy csoport"]
[Site "Budapest"]
[Date "2023.10.08"]
[Round "1.11"]
[White "Haszon, Kamilla Sara"]
[Black "Metaxasz, Vaszilisz"]
[Result "1-0"]
[WhiteElo "2003"]
[BlackElo "1903"]
[PlyCount "43"]
[EventDate "2023.10.08"]
[EventType "team-tourn"]
[EventRounds "11"]
[EventCountry "HUN"]
[Source "chess.hu"]
[WhiteTeam "Dr.  Hetenyi Geza SK"]
[BlackTeam "Magyar Sakkvilag-SMS"]
[WhiteTeamCountry "HUN"]
[BlackTeamCountry "HUN"]

1. e4 e5 2. Nf3 Nc6 3. Bb5 a6 4. Ba4 Nf6 5. O-O Be7 6. Re1 b5 7. Bb3 d6 8. c3
O-O 9. h3 Bb7 10. d4 Nb8 11. Bc2 Nbd7 12. a4 Re8 13. Nbd2 Bf8 14. b4 exd4 15.
cxd4 g6 16. Ra3 d5 17. e5 Ne4 18. Nxe4 dxe4 19. Bxe4 Bxe4 20. Rxe4 Bxb4 21. Rd3
Nf6 22. Bg5 1-0

[Event "NB I. Maroczy csoport"]
[Site "Budapest"]
[Date "2023.10.08"]
[Round "1.12"]
[White "Cseke, Viktoria"]
[Black "Gelle, Istvan"]
[Result "0-1"]
[WhiteElo "1650"]
[BlackElo "2150"]
[PlyCount "94"]
[EventDate "2023.10.08"]
[EventType "team-tourn"]
[EventRounds "11"]
[EventCountry "HUN"]
[Source "chess.hu"]
[WhiteTeam "Magyar Sakkvilag-SMS"]
[BlackTeam "Dr.  Hetenyi Geza SK"]
[WhiteTeamCountry "HUN"]
[BlackTeamCountry "HUN"]

1. e4 c6 2. d4 d5 3. exd5 cxd5 4. Nf3 Nc6 5. Be2 Bf5 6. a3 e6 7. Nbd2 h6 8. Nf1
Bd6 9. Ne3 Bh7 10. O-O Nf6 11. Re1 O-O 12. c4 dxc4 13. Nxc4 Bc7 14. h3 Rc8 15.
Bd3 Bxd3 16. Qxd3 Qd5 17. Bd2 Rfd8 18. Bc3 Bb8 19. Ne3 Qh5 20. Qe2 a6 21. Rad1
Nd5 22. Nxd5 Rxd5 23. Qe4 Rcd8 24. Rd2 Ne7 25. Bb4 Ng6 26. Rc2 a5 27. Bd2 Ne7
28. Rec1 Nc6 29. Be3 e5 30. Nxe5 Nxe5 31. dxe5 Rxe5 32. Qg4 Qxg4 33. hxg4 Kh7
34. Rc5 Rd3 35. Rc8 Bd6 36. Rd8 Red5 37. g3 Be5 38. Rxd5 Rxd5 39. b4 a4 40. f4
Rd3 41. Kf2 Bb2 42. Rc7 Rxa3 43. Rxb7 Rb3 44. Bd2 a3 45. Rb5 a2 46. Ra5 a1=Q
47. Rxa1 Bxa1 0-1

[Event "NB I. Maroczy csoport"]
[Site "Nyiregyhaza"]
[Date "2023.10.08"]
[Round "1.1"]
[White "Hajnal, Zoltan"]
[Black "Varga, Peter"]
[Result "1/2-1/2"]
[WhiteElo "2381"]
[BlackElo "2366"]
[PlyCount "26"]
[EventDate "2023.10.08"]
[EventType "team-tourn"]
[EventRounds "11"]
[EventCountry "HUN"]
[Source "chess.hu"]
[WhiteTeam "DVTK I."]
[BlackTeam "NYVSC "]
[WhiteTeamCountry "HUN"]
[BlackTeamCountry "HUN"]

1. e4 e5 2. Nf3 Nc6 3. Bb5 a6 4. Ba4 Nf6 5. O-O Be7 6. Re1 b5 7. Bb3 O-O 8. h3
d6 9. c3 Re8 10. Ng5 Rf8 11. Nf3 Re8 12. Ng5 Rf8 13. Nf3 Re8 1/2-1/2

[Event "NB I. Maroczy csoport"]
[Site "Nyiregyhaza"]
[Date "2023.10.08"]
[Round "1.2"]
[White "Okhotnik, Vladimir"]
[Black "Fule, Simon"]
[Result "0-1"]
[WhiteElo "2324"]
[BlackElo "2218"]
[PlyCount "90"]
[EventDate "2023.10.08"]
[EventType "team-tourn"]
[EventRounds "11"]
[EventCountry "HUN"]
[Source "chess.hu"]
[WhiteTeam "NYVSC "]
[BlackTeam "DVTK I."]
[WhiteTeamCountry "HUN"]
[BlackTeamCountry "HUN"]

1. c4 e5 2. e3 d6 3. d4 Nd7 4. Nc3 g6 5. g3 Bg7 6. Bg2 f5 7. Nge2 Ngf6 8. b4
O-O 9. Qb3 Kh8 10. O-O Qe7 11. Bb2 c6 12. a4 e4 13. h4 Re8 14. b5 a5 15. Ba3
Nf8 16. bxc6 bxc6 17. d5 c5 18. Nb5 Ng4 19. Bb2 Ne5 20. Nf4 h6 21. Rad1 Kh7 22.
Rfe1 g5 23. hxg5 hxg5 24. Nh5 Bh8 25. Bxe5 Bxe5 26. g4 Kh6 27. Ng3 Bxg3 28.
fxg3 fxg4 29. Kf2 Qf6+ 30. Ke2 Rb8 31. Qc3 Qxc3 32. Nxc3 Ba6 33. Rh1+ Kg7 34.
Nb5 Bxb5 35. axb5 Nd7 36. Ra1 Ra8 37. Kd2 a4 38. Kc3 a3 39. Kb3 Nb6 40. Bf1 Rf8
41. Be2 Rf2 42. Rae1 a2 43. Bxg4 Ra4 44. Be2 Rb4+ 45. Kxa2 Rf8 0-1

[Event "NB I. Maroczy csoport"]
[Site "Nyiregyhaza"]
[Date "2023.10.08"]
[Round "1.3"]
[White "Turcsanyi, Vince Gergo"]
[Black "Oros, Robert"]
[Result "1/2-1/2"]
[WhiteElo "2163"]
[BlackElo "2249"]
[PlyCount "55"]
[EventDate "2023.10.08"]
[EventType "team-tourn"]
[EventRounds "11"]
[EventCountry "HUN"]
[Source "chess.hu"]
[WhiteTeam "DVTK I."]
[BlackTeam "NYVSC "]
[WhiteTeamCountry "HUN"]
[BlackTeamCountry "HUN"]

1. c4 Nf6 2. Nf3 c6 3. Nc3 d5 4. e3 e6 5. b3 Bd6 6. Bb2 a6 7. d4 Nbd7 8. Be2
O-O 9. O-O b5 10. Qc2 Bb7 11. Rad1 b4 12. Na4 Ne4 13. Ne5 Bxe5 14. dxe5 f5 15.
a3 a5 16. axb4 axb4 17. f3 Ng5 18. Qd2 Qe7 19. c5 Rfb8 20. Bd4 Nf7 21. f4 Ba6
22. Bxa6 Rxa6 23. Ra1 Nd8 24. h3 Nb7 25. Qc2 Rba8 26. Qd2 Rb8 27. Qc2 Rba8 28.
Qd2 1/2-1/2

[Event "NB I. Maroczy csoport"]
[Site "Nyiregyhaza"]
[Date "2023.10.08"]
[Round "1.4"]
[White "Varga, Marcell"]
[Black "Fusthy, Zsolt"]
[Result "1-0"]
[WhiteElo "2219"]
[BlackElo "2230"]
[PlyCount "119"]
[EventDate "2023.10.08"]
[EventType "team-tourn"]
[EventRounds "11"]
[EventCountry "HUN"]
[Source "chess.hu"]
[WhiteTeam "NYVSC "]
[BlackTeam "DVTK I."]
[WhiteTeamCountry "HUN"]
[BlackTeamCountry "HUN"]

1. d4 Nf6 2. c4 e6 3. Nf3 b6 4. g3 Bb7 5. Bg2 Bb4+ 6. Bd2 Be7 7. Bc3 O-O 8.
Nbd2 Ne4 9. Nxe4 Bxe4 10. d5 Bf6 11. Rc1 c6 12. d6 c5 13. Qd2 Nc6 14. O-O Rc8
15. Rfd1 Bxc3 16. Rxc3 f5 17. Bh3 Bxf3 18. Rxf3 Ne5 19. Rc3 Qf6 20. f4 Nf7 21.
Bg2 Rb8 22. a3 Rfc8 23. b4 cxb4 24. axb4 Nxd6 25. Rdc1 Qe7 26. Rd3 Rxc4 27.
Rxc4 Nxc4 28. Rxd7 Nxd2 29. Rxe7 Kf8 30. Rxa7 Rd8 31. Rb7 Rd6 32. Kf2 Nb1 33.
b5 Na3 34. Bc6 Nc4 35. h3 Rd4 36. Kf3 Rd1 37. g4 fxg4+ 38. Kxg4 Rg1+ 39. Kf3
Rf1+ 40. Kg3 h6 41. Be4 Nd6 42. Rb8+ Ke7 43. Bd3 g5 44. fxg5 hxg5 45. Rxb6 e5
46. Rc6 e4 47. Bc4 Kd7 48. Rc5 Rg1+ 49. Kf2 Rb1 50. Bd5 Ke7 51. Bc6 Kf6 52. Rd5
Nc4 53. Rd4 e3+ 54. Kf3 Rc1 55. Ke4 Rc3 56. Rd3 Rc2 57. Rd4 Rc3 58. Kd5 Nb6+
59. Kd6 Nc4+ 60. Rxc4 1-0

[Event "NB I. Maroczy csoport"]
[Site "Nyiregyhaza"]
[Date "2023.10.08"]
[Round "1.5"]
[White "Gathi, Donat"]
[Black "Farkas, Adam"]
[Result "1-0"]
[WhiteElo "2184"]
[BlackElo "2154"]
[PlyCount "57"]
[EventDate "2023.10.08"]
[EventType "team-tourn"]
[EventRounds "11"]
[EventCountry "HUN"]
[Source "chess.hu"]
[WhiteTeam "DVTK I."]
[BlackTeam "NYVSC "]
[WhiteTeamCountry "HUN"]
[BlackTeamCountry "HUN"]

1. e4 e6 2. d4 d5 3. Nd2 Nf6 4. e5 Nfd7 5. f4 c5 6. c3 Nc6 7. Ndf3 Qb6 8. g3
cxd4 9. cxd4 Bb4+ 10. Kf2 O-O 11. Kg2 f6 12. Bd3 Be7 13. Ne2 fxe5 14. fxe5
Ndxe5 15. dxe5 Nxe5 16. Nxe5 Rf2+ 17. Kh3 Bf6 18. Nf4 g5 19. Bxh7+ Kf8 20. Qh5
Bxe5 21. Ng6+ Kg7 22. Nxe5 g4+ 23. Qxg4+ Kxh7 24. Qg6+ Kh8 25. Bf4 Rxf4 26.
gxf4 Qe3+ 27. Qg3 Qe4 28. Nf7+ Kh7 29. Ng5+ 1-0